| 000 | 00877nam a2200277Ia 4500 | ||
|---|---|---|---|
| 003 | OSt | ||
| 005 | 20221005044848.0 | ||
| 006 | a|||||r|||| 00| 0 | ||
| 007 | ta | ||
| 008 | 221004b |||||||| |||| 00| 0 eng d | ||
| 020 |
_a9788131608609 (hbk) _cINR 1495.00 |
||
| 024 | _a34208 | ||
| 037 |
_b417, 15/09/2017, Sunrise Books _cTextual |
||
| 040 |
_aCRL _cCRL _beng |
||
| 041 |
_2eng _aeng |
||
| 082 | _aA:(Y), Q7 | ||
| 100 |
_aMerton Robert K. Au. _9592916 |
||
| 245 | 0 |
_aSociology of science _b theoretical and empirical investigations |
|
| 260 |
_aJaipur _bRawat Publication India _c2017 |
||
| 300 |
_axxxi,605p. _ccm. |
||
| 650 | _a SOCIOLOGY | ||
| 650 | _aSCIENCE | ||
| 700 |
_a Storer Norman W. Ed. _9592917 |
||
| 942 |
_hA:(Y), Q7 _cTEXL _2cc |
||
| 999 |
_c954025 _d954025 |
||